| 000 | 00586nam a22001937a 4500 | ||
|---|---|---|---|
| 005 | 20240301154438.0 | ||
| 010 | _aENG-139100 | ||
| 020 |
_a9788189323004 _c2000.00 |
||
| 035 | _aEN- 122632 | ||
| 037 | _bDBAD/PUB | ||
| 082 | _a741.6740954 | ||
| 100 |
_aRay, Satyajit _962715 |
||
| 245 |
_aThe vision of ray: _bcine posters and beyond/ _cBy Satyajit Ray |
||
| 260 |
_aKolkata _bPratikshan |
||
| 270 |
_a12B Beliaghata Road, _bKolkata _e700015 |
||
| 300 |
_a328p. _c28 cm(Hb) |
||
| 700 |
_aSatyajit Ray & Sandip Ray _961473 |
||
| 942 |
_2ddc _cEN _mRAY _h741.6740954 |
||
| 999 |
_c200462 _d200462 |
||